La economía de la Nueva Granada / (Registro nro. 5582)

Detalles MARC
000 -LEADER
fixed length control field 01355nam a2200277Ia 4500
003 - CONTROL NUMBER IDENTIFIER
control field OSt
005 - DATE AND TIME OF LATEST TRANSACTION
control field 20200714141909.0
008 - FIXED-LENGTH DATA ELEMENTS--GENERAL INFORMATION
fixed length control field 191128s2008 ck ad gr 000 0dspa d
020 ## - INTERNATIONAL STANDARD BOOK NUMBER
International Standard Book Number 9789587250008
040 ## - CATALOGING SOURCE
Original cataloging agency CO-JMCR
Transcribing agency CO-JMCR
041 0# - LANGUAGE CODE
Language code of text/sound track or separate title spa
082 04 - DEWEY DECIMAL CLASSIFICATION NUMBER
Classification number 330.986 /
Item number K147e
Edition number 23
100 1# - MAIN ENTRY--PERSONAL NAME
Personal name Kalmanovitz, Salomón,
Dates associated with a name autor
9 (RLIN) 7201
245 13 - TITLE STATEMENT
Title La economía de la Nueva Granada /
Statement of responsibility, etc. Salomón Kalmanovitz
250 ## - EDITION STATEMENT
Edition statement Primera edición
260 ## - PUBLICATION, DISTRIBUTION, ETC.
Place of publication, distribution, etc. Bogotá :
Name of publisher, distributor, etc. Universidad de Bogotá Jorge Tadeo Lozano,
Date of publication, distribution, etc. 2008.
300 ## - PHYSICAL DESCRIPTION
Extent 112 páginas :
Other physical details gráficos a blanco y negro ;
Dimensions 22 cm.
490 0# - SERIES STATEMENT
Series statement Ensayo
500 ## - GENERAL NOTE
General note Incluye datos biográficos del autor en la solapa y índice de cuadros y gráficas Bibliografía: páginas 105-111.
505 0# - FORMATTED CONTENTS NOTE
Formatted contents note La colonización anglosajona frente a la española -- La conquista y la colonización -- El sistema económico colonial -- La política colonial -- La revolución comunera -- El crecimiento económico durante la segunda mitad
520 0# - SUMMARY, ETC.
Summary, etc. Este ensayo constituye un intento de entender cómo fue formando la economía de la Nueva Granada bajo unas relaciones sociales caracterizadas por la servidumbre y el esclavismo.
650 24 - SUBJECT ADDED ENTRY--TOPICAL TERM
Topical term or geographic name entry element Economía colombiana
Chronological subdivision Siglo XVI
9 (RLIN) 7202
650 24 - SUBJECT ADDED ENTRY--TOPICAL TERM
Topical term or geographic name entry element Historia económica
Chronological subdivision Siglo XVI
9 (RLIN) 7203
650 24 - SUBJECT ADDED ENTRY--TOPICAL TERM
Topical term or geographic name entry element Condiciones económicas--
9 (RLIN) 7204
942 ## - ADDED ENTRY ELEMENTS (KOHA)
Source of classification or shelving scheme Dewey Decimal Classification
Koha item type Books
Existencias
Withdrawn status Lost status Source of classification or shelving scheme Materials specified (bound volume or other part) Damaged status Not for loan Home library Current library Shelving location Date acquired Source of acquisition Full call number Barcode Date last seen Copy number Price effective from Koha item type
    Dewey Decimal Classification Donación--15/04/2018--     Biblioteca Pública José María del Castillo y Rada Biblioteca Pública José María del Castillo y Rada General Stacks 11/28/2019 Donación 330.986 / K147e 430002243 05/16/2024 Ej.1 11/28/2019 Books